Les mystères de l’hypnose (Registro nro. 309477)
[ vista simple ]
| 000 -ENCABEZADO | |
|---|---|
| Número de control [NR] | 01610nam a22002537a 4500 |
| 005 - FECHA Y HORA DE LA ÚLTIMA TRANSACCIÓN | |
| control field | 20180306112249.0 |
| 008 - DE LONGITUD FIJA DE DATOS DE ELEMENTOS - INFORMACIÓN GENERAL | |
| Elementos de longitud fija [NR] | 180306s1920 fr |||fr|||| 001 0 fre d |
| 040 ## - FUENTE DE CATALOGACION [NR] | |
| Quien Cataloga | Sandra Yazo |
| Quien Clasifica | Sandra Yazo |
| 041 0# - CODIGO DE IDIOMA [R] | |
| Código de idioma para texto/pista de sonido o título separado [R] | Francés |
| 082 04 - NUMERO DE CLASIFICACION DECIMAL DEWEY [R] | |
| Número de la edición [NR] | 20 |
| Número de clasificación [R] | 133.8 |
| 092 ## - SIGNATURA TOPOGRAFICA LOCAL | |
| Número de clasificación local | E45N018 |
| 100 1# - ASIENTO PRINCIPAL--NOMBRE PERSONAL [NR] | |
| Nombre personal [NR] | Dubor, Georges de |
| Fechas asociadas con el nombre [NR] | 1848-1931 |
| ID Autoridad | 91684 |
| 242 04 - TRADUCCION DEL TITULO POR LA AGENCIA CATALOGADORA [R] | |
| Título [NR] | Los misterios de la hipnosis |
| Mención de responsabilidad, etc. [NR] | Jorge de Dubour |
| Código de idioma del título traducido [NR] | spa |
| 245 14 - MENCION DE TITULO [NR] | |
| Título [NR] | Les mystères de l’hypnose |
| Mención de responsabilidad, etc. [NR] | Georges de Dubour |
| 260 ## - PUBLICACION, DISTRIBUCION, ETC. (PIE DE IMPRENTA) [R] | |
| Lugar de publicación, distribución, etc. [R] | París (Francia) |
| Nombre del editor, distribuidor, etc. [R] | Librairie Academique Perrin et Cie. [Librería Académica. Perrin y Compañía] ; Imprimerie E. Gravin [Imprenta de E. Gravin] |
| Fecha de publicación, distribución, etc. [R] | 1920 |
| 300 ## - DESCRIPCION FISICA [R] | |
| Extensión [R] | xii, 336 páginas |
| Dimensiones [R] | 18 x 12 cm. |
| 500 ## - NOTA GENERAL [R] | |
| Nota general [NR] | Detalles físicos: Encuadernación rígida (holandesa) en cartón forrado en papel jaspeado lomo en tela texturizada y adornos en dorado. Guardas. Anteportada. Portada impresa en una sola tinta, con diversos tipos de letra. Dedicatoria. Texto impreso en una sola columna. Notas de pie de página. Índice |
| 505 0# - NOTA DE CONTENIDO CON FORMATO PREESTABLECIDO [R] | |
| Nota de contenido con formato preestablecido [NR] | Prefacio ; Historia de la cuestión ; Hipnosis y estados hipnóticos ; Cómo se llega al sueño y cómo despertar ; El magnetismo ; La sugestión ; Peligros del hipnotismo ; Beneficios del hipnotismo ; Hipnotismo y magnetismo en la terapéutica ; Hipnosis médica ; La telepatía ; Los sueños ; Estados profundos de hipnosis ; Exteriorización de la sensibilidad, de la motricidad ; Desdoblamiento ; Las casas “encantadas” |
| 506 ## - NOTA DE RESTRICCIONES DE ACCESO [R] | |
| Condiciones de acceso [NR] | Consulta en sala |
| 546 ## - NOTA DE IDIOMA [R] | |
| Nota de idioma [NR] | Texto en francés |
| 650 #7 - ASIENTO SECUNDARIO DE MATERIA - TERMINO TEMATICO [R] | |
| 9 (RLIN) | 21079 |
| Término temático o nombre geográfico como elemento de entrada [NR] | Parapsicología |
| 690 ## - ASUNTO AGREGADO LOCAL DE ENTRADA - TÉRMINO TEMÁTICO (OCLC, RLIN) | |
| Acceso temático local | Psicología |
| 9 (RLIN) | 8001 |
| 942 ## - ELEMENTOS DE ENTRADA AGREGADOS (KOHA) | |
| Sistema de clasificación | LOCAL |
| Tipo de ítem principal el descrito en 300a | Libro |
| Edición | 1 |
| Clasificación | E45N018 |
| Suprimido | Perdido | Sistema de clasificación | Dañado | No prestable | Tipo de ítem específico | Ubicación habitual | Ubicación actual | Localización | Fecha de creación | Forma de adquisición | Costo | Total préstamos | Signatura topográfica | Código de barras | Última vez visto | Ejemplar | Price effective from | Tipo de ítem |
|---|---|---|---|---|---|---|---|---|---|---|---|---|---|---|---|---|---|---|
| LOCAL | Libro archivo | Archivo Histórico | Archivo Histórico | Archivo histórico | 06/03/2018 | Donación | 0.00 | E45N018 | L006449 | 06/03/2018 | Ej.1 | 06/03/2018 | Libro |